000 01377cam a2200301Ia 4500
001 lifealbumpicture00newy
003 CaSfIA
005 20210118164039.0
007 cr||||
008 990611s1997 nyua 001 0 eng d
040 _aVIA
_cVIA
_dOCLCQ
_dCaSfIA
020 _a1883013119
020 _a9781883013110
035 _a(OCoLC)41523496
092 _a909.829
_bLif
245 0 0 _aLife album :
_h[electronic resource]
_bpictures of the year, 1996.
260 _aNew York :
_bLife Books,
_cc1997.
300 _a158 p. :
_bill. (chiefly col.) ;
_c29 cm.
500 _aCompiled by the editors of Life.
650 0 _aHistory, Modern
_y1945-1989
_vPictorial works
_vPeriodicals.
650 0 _aPopular culture
_xHistory
_y20th century
_vPictorial works
_vPeriodicals.
730 0 _aLife (Chicago, Ill. : 1978)
856 4 1 _uhttp://www.archive.org/details/lifealbumpicture00newy
_zFree eBook from the Internet Archive
856 4 2 _uhttp://www.openlibrary.org/books/OL24212425M
_zAdditional information and access via Open Library
942 _cEB
506 _fНеобхідна авторизація на https://archive.org/ (створення облікового запису безкоштовно)
506 _fНеобхідна авторизація на https://openlibrary.org/ (створення облікового запису безкоштовно)
999 _c518558
_d518558